000 00993cam a2200325 a 4500
001 7450229
003 ARRUPE
005 20150210125800.0
008 090807s2009 mau b 001 0 eng c
020 _a9781598564556
020 _a1598564552
024 _a99935107178
035 _a(OCoLC)ocn463967513
035 _a(NNC)7450229
035 _a(OCoLC)463967513
040 _aCOO
_cCOO
042 _apcc
050 4 _aBS2735.53
_b.K4
100 1 _aKelly, J. N. D.
_q(John Norman Davidson)
_915018
245 1 4 _aThe Pastoral Epistles /
_cJ.N.D. Kelly.
260 _aPeabody, MA :
_bHendrickson Publishers,
_c[2009]
300 _a272 p. ;
_c22 cm.
490 1 _aBlack's New Testament commentaries
504 _aIncludes bibliographical references (p. 37-38) and indexes.
630 0 0 _aBible.
_pPastoral Epistles
_vCommentaries.
_915019
830 0 _aBlack's New Testament commentaries.
_915020
942 _2lcc
_cMONOGRAPH
948 1 _a20091228
_bc
_crad1
_dMPS
999 _c122014
_d122014